| 000 | 00864cab a2200205 4500 | ||
|---|---|---|---|
| 001 | X129021 | ||
| 008 | 050310n2005 000 0 eng u | ||
| 035 | _a(Sirsi) u129021 | ||
| 100 | _aWoudhuysen, J. | ||
| 245 | _aWho's winning the battle for quality staff? | ||
| 260 | _c2005 | ||
| 490 |
_aEstates Gazette _v(0507) 19 February 2005, 60-63(4) |
||
| 520 | _aDiscusses the findings of a survey by Reading Real Estate Foundation of Reading University graduates into their views on the property industry's best employers. Assesses what makes a property industry firm a desirable place to work and who are the best employers. Results were compared with an identical survey carried out in 2002. Tables and graphs. | ||
| 590 | _aABS | ||
| 650 | _aGRADUATES | ||
| 650 | _aPROPERTY INDUSTRY | ||
| 650 | _aEMPLOYERS | ||
| 690 | _aEDUCATION-CAREERS | ||
| 942 | _n0 | ||
| 999 |
_c74902 _d74902 |
||